| 000 | 00549nam a2200169 i 4500 | ||
|---|---|---|---|
| 001 | 59302 | ||
| 003 | ES-MaACL | ||
| 005 | 20230906164016.0 | ||
| 007 | t| | ||
| 008 | 031028s1970 sp ||||1| spa d | ||
| 245 | 0 | 0 |
_aEnciclopedia del mundo bíblico / _c[dirección Gaalyahu Cornfeld ; traducción: Ramiro Sánchez]. |
| 260 |
_aBarcelona, etc. : _bPlaza & Janés, _c[1970] |
||
| 300 |
_a2 v., 32 lám. : _bil. ; _c26 cm. |
||
| 700 | 1 |
_aCornfeld, Gaalyahu. _940629 |
|
| 700 | 1 |
_aSánchez, Ramiro. _9102423 |
|
| 852 |
_aES-MaACL _jC-37317-18 _bR.76462 |
||
| 999 |
_c59302 _d59302 |
||